Výchova a vzdelávanie ako nástroj (de)formovania hodnotového systému spoločnosti III zborník z konferencie, Ružomberok 2013

Bibliographic Details
Corporate Author: Výchova a vzdelávanie ako nástroj (de)formovania hodnotového systému spoločnosti Ružomberok, Slovensko)
Format: Conference Proceeding Software eBook
Language:Slovak
PhysicalDescription:1 elektronický optický disk (CD-ROM) fareb. 12 cm
Published: Ružomberok VERBUM - vydavateľstvo KU 2014
ISBN:9788056101087 (elektronická kniha)
Subjects:
Online Access:http://fvo.sk/wp/wp-content/uploads/2014/04/VychovaAVzdelavanieIII_zbornik.pdf

MARC

LEADER 00000nam a2200000 a 4500
001 vtls010606165
003 SK-MaSNL
005 20260301174938.0
007 co cg auuua
008 160429s2014 xo | fs 100 0 slo
015 |a SNBS2015 
020 |a 9788056101087 (elektronická kniha) 
040 |a SNK  |b slo  |c SNK  |e AACR2 
041 0 |a slo 
044 |a xo  |c SK 
072 7 |a 37  |x Výchova a vzdelávanie  |2 konspekt 
072 7 |a 316.7  |x Sociológia kultúry. Kultúrny život  |2 konspekt 
080 |a 37.0  |2 2001 
080 |a 316.752  |2 2001 
080 |a (0.034.44)  |2 2001 
080 |a (062.534)  |2 2001 
111 2 |a Výchova a vzdelávanie ako nástroj (de)formovania hodnotového systému spoločnosti  |n (3. :  |d 2013 :  |c Ružomberok, Slovensko)  |9 224984 
245 1 0 |a Výchova a vzdelávanie ako nástroj (de)formovania hodnotového systému spoločnosti III  |h elektronický zdroj  |b zborník z konferencie, Ružomberok 2013 
260 |a Ružomberok  |b VERBUM - vydavateľstvo KU  |c 2014 
300 |a 1 elektronický optický disk (CD-ROM)  |b fareb.  |c 12 cm 
500 |a Názov z titulnej obrazovky 
504 |a Bibliogr. odkazy 
516 |a Textový dokument (zborník), súbor vo formáte pdf 
538 |a Technické požiadavky: PDF prehliadač 
650 0 7 |a výchova a vzdelávanie  |2 SNKPH  |9 1684 
650 0 7 |a hodnotová orientácia  |2 SNKPH  |9 1021 
650 0 7 |a Education  |2 SNKPHeng  |9 265320 
650 0 7 |a Value orientation  |2 SNKPHeng  |9 268435 
655 7 |a elektronické zdroje  |2 SNKPH  |9 90954 
655 7 |a CD-ROM  |2 SNKPH  |9 70236 
655 7 |a zborníky konferencií  |2 SNKPH  |9 70153 
655 7 |a Proceedings of conferences  |2 SNKPHeng  |9 265791 
655 7 |a Electronic resources  |2 SNKPHeng  |9 175546 
710 2 |a Katolícka univerzita v Ružomberku  |4 pbl  |9 166774 
856 4 1 |u http://fvo.sk/wp/wp-content/uploads/2014/04/VychovaAVzdelavanieIII_zbornik.pdf 
919 |a 978-80-561-0108-7 
958 |a NB 
999 |c 841156  |d 843086 
952 |a SNK  |b SNK  |y NEVYP  |7 1  |p 17A1112485  |o snkSCDM 6658  |i snk2014/14503  |8 0  |0 0  |1 0  |4 0  |d 2014-06-25  |l 0  |r 2026-02-24 04:10:36  |w 2026-02-24